Television, the medium and its manners /

Bibliographic Details
Main Author: Conrad, Peter
Format: Book
Language:English
Published: Boston : Routledge & Kegan Paul, 1982.
Subjects:

MARC

Tag First Indicator Second Indicator Subfields
LEADER 00000pam a2200000 a 4500
001 in00000070099
005 20151008061605.0
008 811210s1982 mau 00010 eng
010 |a  81022686  
020 |a 0710090404 :  |c $13.00 
020 |a 0710090412 (pbk.) :  |c $8.00 
035 |a (OCoLC)08110148 
035 |9 AAJ8388AM 
039 0 |a 2  |b 3  |c 3  |d 3  |e 3 
040 |a DLC  |c DLC  |d TXA  |d UtOrBLW 
043 |a n-us---  |a e-uk--- 
049 |a TXAM  |c [933455] 
050 0 0 |a PN1992.3.U5  |b C65 1982 
082 0 |a 302.2/3  |2 19 
100 1 |a Conrad, Peter. 
245 1 0 |a Television, the medium and its manners /  |c Peter Conrad. 
264 1 |a Boston :  |b Routledge & Kegan Paul,  |c 1982. 
300 |a 170 pages ;  |c 22 cm. 
336 |a text  |b txt  |2 rdacontent 
337 |a unmediated  |b n  |2 rdamedia 
338 |a volume  |b nc  |2 rdacarrier 
650 0 |a Television broadcasting  |z United States. 
650 0 |a Television broadcasting  |z Great Britain. 
650 0 |a Popular culture  |z United States. 
650 0 |a Popular culture  |z Great Britain. 
999 |a MARS 
999 f f |s 8e7d18bc-4313-382f-acde-c6c79fefe07b  |i d140cb19-a6a1-31d1-bc00-7d6de30a2ea7  |t 0 
952 f f |p ric  |a Texas A&M University  |b Rellis Campus  |c Joint Library Facility  |d Remote Storage  |t 0  |e PN1992.3.U5 C65 1982  |h Library of Congress classification  |i unmediated -- volume  |m A14806177674 
998 f f |a PN1992.3.U5 C65 1982  |t 0  |l Remote Storage